000 00939nas a2200289 4500
001 BR9606569
003 BR-BrBNA
005 20231205094932.0
007 ta
008 230509b bl.|||p| |||| 00| 00por d
040 _aBR-BrBNA
_bpor
_cBiblioteca Nacional de Agricultura
041 _a(Pt)
072 _aM12
100 1 _aScorvo Filho, J.D.
100 1 _aAyroza, L.M. da S.
100 1 _aNovato, P.F.C.
100 1 _aDias, E.R. de
245 1 _aEfeito da densidade de estocagem sobre o crescimento de tainha listrada (Mugil platanus)criada em mono e policultivo com carpa comum (Cyprinus carpio), na Regiao do Vale do Ribeira, SP
650 _aTainha
650 _aCarpa
650 _aGanho de Peso
650 _aCrescimento
650 _aSao Paulo
773 0 _tBoletim do Instituto de Pesca (Brazil)
_x(Jul-Dec 1995)
_gv. 22(2) p. 85-93
_wBR9606569
909 _a202311
_bLúcia
_c55
_dLúcia Elande
942 _2AGRIS
_n0
_cANA
999 _c147827
_d147827